000 00449nam a22001817a 4500
999 _c7457
_d7457
003 OSt
005 20211112113743.0
008 211112b ||||| |||| 00| 0 eng d
020 _a0415418232
040 _cDDC
082 _a307.76 MOR 2007
100 _a Morris, R N
_915280
245 _a Urban sociology
260 _aNew York:
_b Routledge;
_c2007,
300 _a176 pages;
_c23 cm.
650 _aSociology, Urban
_915281
942 _2ddc
_cBOOK